| 000 | 00846nam a2200265 i 4500 | ||
|---|---|---|---|
| 003 | DO-SdBNP | ||
| 005 | 20240612101940.0 | ||
| 007 | ta | ||
| 008 | 240612b2023 cu ||||| |||| 00| 0 spa d | ||
| 020 | _a9789591024091 | ||
| 040 |
_aDO-SdBNP _bspa _cBNPHU _erda |
||
| 082 | 4 | _222 | |
| 100 | 1 |
_aLlanes, Julio M., _d1948- _eautor _985643 |
|
| 245 | 1 | 4 |
_aLos caminos del viento / _cJulio M. Llanes ; edición y corrección, Michel Encinosa Fu |
| 264 |
_aLa Habana, Cuba : _bLetras Cubanas, _c2023. |
||
| 300 |
_a386 páginas ; _c21 cm. |
||
| 336 |
_2rdacontent _atexto _btxt |
||
| 337 |
_2rdamedia _asin mediación _bn |
||
| 338 |
_2rdacarrier _avolumen _bnc |
||
| 586 | _aAlejo Carpentier. Novela 2020 | ||
| 590 | _aInventariado, 2024/BT | ||
| 700 |
_aEncinosa Fu, Michel, _eedición y corrección _985644 |
||
| 910 | _aBtavárez | ||
| 942 |
_2ddc _cLBS1 |
||
| 999 |
_c56824 _d56824 |
||